Slovenka a Dorka z pohľadu čitateľov

Bibliographic Details
Main Author: Čupíková, Zdena (Author)
Format: Article
Language:Slovak
ISSN:0322-7049
Subjects:

MARC

LEADER 00000nab a2200000 a 4500
001 vtls000566825
003 SK-MaSNL
005 20260304085456.0
008 250425c1995 xo 0 slo
015 |a SNBRB19rr/mm-uuuuu 
035 |a CL0566963 
035 |a urn:nbn:sk:snk-abem1 
035 |a (urnnbn)urn:nbn:sk:snk:ar-a03w4z 
035 |a (uuid)2c7e0f2f-7b92-4c21-a23c-d5e9c47f60e5 
040 |a SNKBUCL  |b slo  |c SNKBUCL  |e AACR2 
041 0 |a slo 
044 |a xo  |c SK 
080 |a 05.001.5  |2 1981 
100 1 |a Čupíková, Zdena  |4 aut  |9 318884 
245 1 0 |a Slovenka a Dorka z pohľadu čitateľov  |c Zdena Čupíková 
630 0 7 |a Slovenka (časopis)  |2 snkbucl  |9 660885 
630 0 7 |a Dorka (časopis)  |2 snkbucl  |9 1378978 
655 7 |a články z novín a časopisov  |2 snkbucl  |9 267496 
773 0 |t Otázky žurnalistiky  |g Roč. 38, č. 2 (1995), s. 154-156  |x 0322-7049 
850 |a Slovenská národná knižnica 
852 |a Slovenská národná knižnica 
954 |a odborná, vedecká literatúra pôvodná (slovenská)  |2 lita 
958 |a article27 
958 |a RK 
958 |a OND 
958 |a EUIPO 
992 |a RBX 
999 |c 2808167  |d 2810097